| 000 | 00577nam a22002057a 4500 | ||
|---|---|---|---|
| 942 | _cBK | ||
| 999 |
_c595 _d595 |
||
| 005 | 20250420134817.0 | ||
| 008 | 200811b ||||| |||| 00| 0 eng d | ||
| 020 | _a9789814577403 | ||
| 040 | _cKCST | ||
| 082 |
_a170 _bRa Ri |
||
| 100 |
_aRachels, Stuart _95034 |
||
| 245 |
_aThe Right thing to do : _bbasic readings in moral philosophy / _cStuart Rachels (Ed.), James Rachels |
||
| 250 |
_a7th edition _bInt. ed. |
||
| 260 |
_aNew York: _bMcGraw-Hill, _c2015. |
||
| 300 | _a382 p. | ||
| 650 |
_aMoral _94938 |
||
| 700 |
_aRachels, James _95035 |
||
| 942 | _2ddc | ||